| 000 | 00984pam a2200289 a 4500 | ||
|---|---|---|---|
| 001 | 1087360 | ||
| 003 | OSt | ||
| 005 | 20260202134758.0 | ||
| 008 | 920504s1993 caua b 001 0 eng | ||
| 010 | _a 92016505 | ||
| 020 | _a0534103987 | ||
| 020 | _a9780534103989 | ||
| 040 |
_aKABLIB _cKABLIB _beng |
||
| 082 | 0 | 0 |
_a302 _223 _bDEA |
| 100 | 1 |
_aDeaux, Kay. _914967 |
|
| 245 | 1 | 0 |
_aSocial psychology in the '90s / _cKay Deaux, Francis C. Dane, Lawrence S. Wrightsman, in association with Carol K. Sigelman. |
| 250 | _a6th ed. | ||
| 260 |
_aPacific Grove, Calif. : _bBrooks/Cole Pub. Co., _cc1993. |
||
| 300 |
_axix, 499 p. : _bill. ; _c24 cm. |
||
| 500 | _aRev. ed. of: Social psychology. 5th ed. 1988. | ||
| 504 | _aIncludes bibliographical references (p. 421-478) and index. | ||
| 650 | 0 | _aSocial psychology. | |
| 700 | 1 |
_aWrightsman, Lawrence S. _914968 |
|
| 700 | 1 |
_aDane, Francis C. _914969 |
|
| 700 | 1 |
_aDeaux, Kay. _tSocial psychology. _914970 |
|
| 942 |
_2ddc _cBOOK _e6th |
||
| 999 |
_c5933 _d5933 |
||